Регионална библиотека "Любен Каравелов" - Русе

Отровни ухапвания и наранявания (Запис номер 171903)

MARC детайли
000 -Лидер
Контролно поле с фиксирана дължина 01514nam a2200313 c 4500
003 - Код на организацията, давaща контролен номер
Контролно поле BLK
005 - Дата и час на последна редакция
Контролно поле 20180420235407.0
008 - Елементи от данни с фиксирана дължина
fixed length control field 180411b bul|||||r ||||||| ||bul||
010 ## - Наследен системен номер
LC control number KNG00180199000
040 ## - Източник на каталожния запис
Идентификатор на билиотеката - собственик на записа BLK
041 ## - Код за език
Код за езика на текст/звукозапис или на отделно заглавие Български
Код за езика КДБФ Български
080 ## - УДК
Текстов определител УДК Токсикология. Отравяния. Учение за отровите. Общи въпроси. Отрови - органични, неорганични, растителни, животински. Вж и 615. 009. Противоотрови вж 615. 27
УДК код - определител по УДК 615.9
УДК определител
УДК - код + определител 615.9
080 ## - УДК
Текстов определител УДК Отравяния. Употребява се само като спец. определител
УДК код - определител по УДК 616-099
УДК определител
УДК - код + определител 616-099
100 1# - Редна дума - Автор
Автор Пеянечки, Христо Ат.
Авторска отговорност първи автор
R(LIN) 110583
139 ## - Редно поле
Редна дума Пеянечки, Христо Ат.
Авторски знак Печ - П 50
245 10 - Сведения за заглавието
Заглавие Отровни ухапвания и наранявания
Редно поле (дума) Христо Ат. Пеянечки.
257 ## - Страна на издаване
Страна на създаване/издаване България
260 ## - Област на издателските данни
-- София
Име на издателя, разпространителя и проч. Медицина и физкултура
Година на издаване 1972
Печатница Пловдив : Д. Благоев, 1971
300 ## - Физическа характеристика
Страници 127 с.
Илюстрации и др. с ил.
Размери/Мащаб 22 см
380 ## - Жанр
Жанр Медицина
490 1# - СЕРИИ (Колекции)
Име на серия Лекарят ви съветва
650 #4 - Допълнително описание по предмет – тема
Основно описание – тема или топоним Отрови, животински - действие на организма
9 (RLIN) 261688
653 ## - Ключова дума – ненормативна
Ключова дума отровни животни
852 ## - Местоположение
Форматна сигнатура Цб 61308
856 4# - Електронен адрес и достъп
Електронен формат pdf - файл
Път до файла /url/
856 4# - Електронен адрес и достъп
Електронен формат pdf - файл
Път до файла /url/
942 ## - АРТИКУЛИ
Вид на библиотечния материал Книги
Скрит в OPAC Не
944 ## - СЪЗДАВАНЕ И РЕДАКЦИЯ на ЗАПИСА
Създаване/Редакция Създаване
Дата на регистрацията/редакция 24.08.2015
Служител, извършил регистрацията/редакцията Валентина_Караджова
944 ## - СЪЗДАВАНЕ И РЕДАКЦИЯ на ЗАПИСА
Създаване/Редакция Редакция
Дата на регистрацията/редакция 24.08.2015
Служител, извършил регистрацията/редакцията Валентина_Караджова
999 ## - СИСТЕМНИ КОНТРОЛНИ НОМЕРА
Koha biblionumber 171903
Koha biblioitemnumber 171903
Наличности
Код за отписване Код за изгубен артикул Източник на класификационната схема Код за повреда Коз за рестрикции Код за отдаване Артикулен № Име на библиотеката - собственик Име на библиотеката, в която се намира в момента Статус (Текущо местоположение) Дата на вписване в системата Местоположение - отдел Цена в лева Инвентарен номер Систематично азбучна сигнатура Баркод Номер на екземпляра Цена в евро Служебна бележка Служебен тип на артикула Бележка за публиката
  Не е изгубен Universal Decimal Classification Не е повреден само за читалня ползва се в читалня 292550 Регионална библиотека "Любен Каравелов" Русе Регионална библиотека "Любен Каравелов" Русе Хранилище 1972-01-01 Хранилище 0.00 108476 Цб 61308 120000108476 1 0.00 Вид: Сф N: Сф Дата: 01.01.1972 Книги  
Изтеглен Не е изгубен Universal Decimal Classification Не е повреден без рестрикции заемане за дома 292551 Регионална библиотека "Любен Каравелов" Русе Регионална библиотека "Любен Каравелов" Русе Заемна - подръчен фонд 1972-01-01 Заемна - подръчен фонд 0.30 109113 П 615/П 50 109113 2 0.15 Вид: Сф N: Сф Дата: 01.01.1972 Дата инв: 05.02.2018 Бележки инв: П2018 Книги  
Изтеглен Не е изгубен   Не е повреден без рестрикции заемане за дома 292552 Регионална библиотека "Любен Каравелов" Русе Регионална библиотека "Любен Каравелов" Русе   1972-01-01 Заемна - подръчен фонд 0.30 109114 П 615/П 50 109114 3 0.15 Вид: Сф N: Сф Дата: 01.01.1972 Книги Отч.N: 24/2018 , Дата: 26.03.2018
Изтеглен Не е изгубен Universal Decimal Classification Не е повреден без рестрикции заемане за дома 292553 Регионална библиотека "Любен Каравелов" Русе Регионална библиотека "Любен Каравелов" Русе Детски отдел 1972-01-01 Детски отдел 0.30 109343 ДН 61/П 50 109343 4 0.15 Вид: Сф N: Сф Дата: 01.01.1972 Дата инв: 25.08.2015 Бележки инв: Д2015 Книги  
  Не е изгубен Universal Decimal Classification Не е повреден без рестрикции заемане за дома 292554 Регионална библиотека "Любен Каравелов" Русе Регионална библиотека "Любен Каравелов" Русе Детски отдел 1972-01-01 Детски отдел 0.30 109344 ДН 61/П 50 120000109344 5 0.15 Вид: Сф N: Сф Дата: 01.01.1972 Дата инв: 25.08.2015 Бележки инв: Д2015 Книги  
Vip Innovations Ltd, Rousse, Bulgaria 2025